000 00588nam a22001931a 4500
001 10614
003 OSt
005 20260204212205.0
008 100116s1996||||sp ||||||b||||||||||spa||
020 _a8475843018
050 _a372.7 P752e
100 _aPodall, Montsrrat
245 _aEstrategias de aprendizaje: Su aplicación en las areas verbal y matemática / Montsrrat Podall y M. Jesus Camellas
264 _aEspaña : Laertes
300 _a150 p
500 _aIncluye bibliografía
650 _aAprendizaje - Matemática 2.Enseñanza Verbal - MatemáticaÌ
942 _2ddc
_cBK
999 _c10614
_d10614